[Event "Nuremberg Zabo op 10th"]
[Site "Nuremberg"]
[Date "2008.09.21"]
[Round "4"]
[White "Kalepky, Helmut"]
[Black "Laibold, Lorenz"]
[Result "1-0"]
[WhiteElo "2025"]
[BlackElo "1854"]
[PlyCount "125"]
[EventDate "2008.09.19"]
[EventType "swiss"]
[EventRounds "5"]
[EventCountry "GER"]
[SourceTitle "EXT 2012"]
[Source "ChessBase"]
[SourceDate "2011.11.24"]
[SourceVersion "1"]
[SourceVersionDate "2011.11.24"]
[SourceQuality "1"]

1. d4 Nf6 2. c4 g6 3. Nc3 Bg7 4. e4 d6 5. f4 0-0 6. Nf3 Nbd7 7. Bd3 e5 8. fxe5 dxe5 9. d5 Qe7 10. Bg5 h6 11. Bh4 g5 12. Bg3 Nh5 13. Bf2 Nf4 14. 0-0 Bf6 15. Ne1 Nc5 16. Be3 Ncxd3 17. Nxd3 Nxd3 18. Qxd3 Bd7 19. Qd2 a5 20. Qf2 Bg7 21. Bc5 Qd8 22. Bxf8 Qxf8 23. Ne2 Qe7 24. Ng3 Rf8 25. Qe2 c6 26. Rac1 Rc8 27. Kh1 Qc5 28. Qd2 Rf8 29. a3 a4 30. h3 g4 31. Nf5 Bxf5 32. Rxf5 Qe7 33. Qf2 gxh3 34. gxh3 b5 35. dxc6 bxc4 36. Rxc4 Qe6 37. Qe2 Rc8 38. Qc2 Qg6 39. Kh2 h5 40. Qxa4 Bh6 41. Rf3 Bf4+ 42. Kh1 Kh7 43. Rc2 Rg8 44. Qa7 Qxe4 45. Qf2 Rg3 46. Rcc3 Rxh3+ 47. Kg1 Rh2 48. Qxh2 Bxh2+ 49. Kxh2 Qe2+ 50. Kh3 e4 51. Rxf7+ Kg6 52. c7 Qg4+ 53. Kh2 Kxf7 54. c8Q Qf4+ 55. Kh3 Qf1+ 56. Kh4 Qf2+ 57. Kxh5 Qh2+ 58. Kg5 Qd2+ 59. Kf5 Qd5+ 60. Kf4 Qd6+ 61. Kxe4 Qe7+ 62. Kd5 Qg5+ 63. Kc4 1-0

[Event "Nuremberg Zabo op 10th"]
[Site "Nuremberg"]
[Date "2008.09.20"]
[Round "3"]
[White "Laibold, Lorenz"]
[Black "Hirn, Oskar"]
[Result "0-1"]
[WhiteElo "1854"]
[BlackElo "2128"]
[PlyCount "45"]
[EventDate "2008.09.19"]
[EventType "swiss"]
[EventRounds "5"]
[EventCountry "GER"]
[SourceTitle "EXT 2012"]
[Source "ChessBase"]
[SourceDate "2011.11.24"]
[SourceVersion "1"]
[SourceVersionDate "2011.11.24"]
[SourceQuality "1"]

1. e4 c5 2. Nf3 Nc6 3. Nc3 Nf6 4. d4 cxd4 5. Nxd4 e5 6. Ndb5 d6 7. Bg5 a6 8. Na3 b5 9. Nd5 Be7 10. Nxe7 Nxe7 11. Bxf6 gxf6 12. Be2 f5 13. Qd2 fxe4 14. c4 bxc4 15. Nxc4 Nf5 16. Qd5 Be6 17. Qxe4 0-0 18. Nd2 Rb8 19. a3 Rxb2 20. Nf3 Qa5+ 21. Kf1 Qc3 22. Bxa6 Rb6 23. Rb1 0-1

[Event "Nuremberg Zabo op 10th"]
[Site "Nuremberg"]
[Date "2008.09.19"]
[Round "1"]
[White "Laibold, Lorenz"]
[Black "Dreiseitel, Werner"]
[Result "1-0"]
[WhiteElo "1854"]
[BlackElo "1355"]
[PlyCount "67"]
[EventDate "2008.09.19"]
[EventType "swiss"]
[EventRounds "5"]
[EventCountry "GER"]
[SourceTitle "EXT 2012"]
[Source "ChessBase"]
[SourceDate "2011.11.24"]
[SourceVersion "1"]
[SourceVersionDate "2011.11.24"]
[SourceQuality "1"]

1. e4 c6 2. d4 d5 3. Nc3 dxe4 4. Nxe4 Bf5 5. Ng3 Bg6 6. Nf3 Nd7 7. h4 h6 8. Bd3 Bxd3 9. Qxd3 Qc7 10. Bd2 e6 11. 0-0-0 Ngf6 12. Rhe1 Bd6 13. Nf5 0-0-0 14. Nxd6+ Qxd6 15. Qb3 Nd5 16. g3 Rhe8 17. c4 N5f6 18. Qa4 Qb8 19. Bf4 Qa8 20. Ne5 Nxe5 21. Bxe5 Ng4 22. Bf4 Nxf2 23. Rd2 Ng4 24. Qa5 b6 25. Qh5 f5 26. Rxe6 Rxe6 27. Qxf5 Rde8 28. d5 h5 29. dxe6 Kb7 30. Qf7+ Ka6 31. Rd3 b5 32. cxb5+ cxb5 33. Ra3+ Kb6 34. Qc7# 1-0

[Event "Mittelfrankenliga-B2a 0708"]
[Site "Mittelfranken"]
[Date "2008.01.13"]
[Round "4.2"]
[White "Reinders, Rudolf"]
[Black "Laibold, Lorenz"]
[Result "0-1"]
[WhiteElo "1875"]
[BlackElo "1830"]
[PlyCount "74"]
[EventDate "2007.10.14"]
[EventType "team-tourn"]
[EventRounds "9"]
[EventCountry "GER"]
[SourceTitle "EXT 2011"]
[Source "ChessBase"]
[SourceDate "2010.11.26"]
[SourceVersion "1"]
[SourceVersionDate "2010.11.26"]
[SourceQuality "1"]
[WhiteTeam "Erlangen BSGW"]
[BlackTeam "Eckental"]
[WhiteTeamCountry "GER"]
[BlackTeamCountry "GER"]

1. e4 c5 2. d4 cxd4 3. c3 d6 4. cxd4 Nf6 5. Nc3 a6 6. Bg5 Nbd7 7. Nf3 h6 8. Bh4 g5 9. Bg3 Qa5 10. Bd3 Bg7 11. 0-0 Nh5 12. h3 Nxg3 13. fxg3 Qb6 14. Bc4 e6 15. Qd2 Ne5 16. Nxe5 dxe5 17. Kh2 exd4 18. Na4 Qd6 19. Rad1 b5 20. Qf2 0-0 21. Qf3 Bd7 22. Bd3 bxa4 23. Qh5 Bb5 24. e5 Qd5 25. h4 Bxd3 26. Rxd3 Qxe5 27. hxg5 Qxg5 28. Qf3 Rac8 29. Qd1 Rc5 30. Qxa4 Ra5 31. Qb3 Rf5 32. Rdf3 Rxf3 33. Rxf3 e5 34. Qb7 Qg6 35. Ra3 e4 36. Rxa6 Qh5+ 37. Kg1 e3 0-1

[Event "Mittelfrankenliga-B2a 0506"]
[Site "Germany"]
[Date "2006.03.19"]
[Round "7.6"]
[White "Pidtoptanyy, Igor"]
[Black "Laibold, Lorenz"]
[Result "1-0"]
[WhiteElo "1871"]
[BlackElo "1793"]
[PlyCount "123"]
[EventDate "2005.10.16"]
[EventType "team"]
[EventRounds "9"]
[EventCountry "GER"]
[SourceTitle "EXT 2007"]
[Source "ChessBase"]
[SourceDate "2006.11.23"]
[SourceVersion "1"]
[SourceVersionDate "2006.11.23"]
[SourceQuality "1"]

1. e4 c5 2. c3 Nf6 3. e5 Nd5 4. d4 cxd4 5. cxd4 e6 6. Bc4 Bb4+ 7. Bd2 Bxd2+ 8. Qxd2 Nb6 9. Bb3 Nc6 10. Nf3 d6 11. exd6 Qxd6 12. Nc3 0-0 13. 0-0 Rd8 14. Qg5 h6 15. Qe3 Nxd4 16. Nxd4 Qxd4 17. Rad1 Qf6 18. Rxd8+ Qxd8 19. Rd1 Qf6 20. Nb5 Bd7 21. Nxa7 Nd5 22. Qc5 Qg6 23. Bxd5 exd5 24. Qxd5 Bf5 25. Qe5 Be4 26. g3 Bf3 27. Rc1 Qg4 28. Qe3 Rxa7 29. h3 Qh5 30. Rc3 Bd5 31. g4 Qg6 32. Qxa7 Qb1+ 33. Kh2 Qh1+ 34. Kg3 g5 35. f3 Bc6 36. Qf2 Qd1 37. Kg2 Qd7 38. Qc2 h5 39. Qd3 hxg4 40. Qxd7 gxf3+ 41. Kg3 Bxd7 42. Rxf3 f5 43. Rd3 Be6 44. a3 Kf7 45. Kf2 Kf6 46. Rd8 Ke5 47. h4 gxh4 48. Rh8 Bd5 49. Rxh4 Be4 50. Ke3 Kd5 51. b3 Ke5 52. Rf4 Kd5 53. Rf2 Ke6 54. Kd4 Kd6 55. Rh2 Kc6 56. a4 Kd6 57. Rh6+ Kc7 58. a5 Bc6 59. Kc5 Be4 60. b4 Bd3 61. Rf6 Kd7 62. Rf7+ 1-0

[Event "Mittelfrankenliga-B2a 0506"]
[Site "Germany"]
[Date "2006.02.12"]
[Round "6.6"]
[White "Niebler, Andreas"]
[Black "Laibold, Lorenz"]
[Result "1/2-1/2"]
[WhiteElo "1826"]
[BlackElo "1793"]
[PlyCount "43"]
[EventDate "2005.10.16"]
[EventType "team"]
[EventRounds "9"]
[EventCountry "GER"]
[SourceTitle "EXT 2007"]
[Source "ChessBase"]
[SourceDate "2006.11.23"]
[SourceVersion "1"]
[SourceVersionDate "2006.11.23"]
[SourceQuality "1"]

1. d4 Nf6 2. c4 g6 3. Nc3 d5 4. cxd5 Nxd5 5. e4 Nxc3 6. bxc3 Bg7 7. Be3 0-0 8. Bc4 c5 9. Ne2 Nc6 10. Qd2 Qa5 11. Rb1 cxd4 12. cxd4 Qxd2+ 13. Kxd2 Rd8 14. Bd5 Nxd4 15. Bxd4 Bxd4 16. Nxd4 e6 17. Bxb7 Bxb7 18. Rxb7 Rxd4+ 19. Ke3 Ra4 20. Rd1 Rc8 21. Rdd7 Ra3+ 22. Kd4 1/2-1/2

[Event "Nuremberg LGA Cup 2nd"]
[Site "Nuremberg"]
[Date "2005.09.10"]
[Round "4.45"]
[White "Koellner, Ulrich"]
[Black "Laibold, Lorenz"]
[Result "1-0"]
[WhiteElo "1695"]
[BlackElo "1739"]
[PlyCount "109"]
[EventDate "2005.09.08"]
[EventType "swiss"]
[EventRounds "7"]
[EventCountry "GER"]
[SourceTitle "EXT 2022"]
[Source "ChessBase"]
[SourceDate "2021.10.06"]
[SourceVersion "1"]
[SourceVersionDate "2021.10.06"]
[SourceQuality "1"]

1. d4 Nf6 2. c4 d6 3. Nc3 g6 4. e4 Bg7 5. f3 Nbd7 6. Bg5 c5 7. d5 0-0 8. Nh3 Ne8 9. Qd2 Nc7 10. Be2 Re8 11. Nf2 b5 12. cxb5 a6 13. 0-0 Rb8 14. a4 Nf8 15. Rab1 axb5 16. Nxb5 Bd7 17. Nxd6 Bxa4 18. Nxe8 Qxe8 19. Be3 Qd7 20. Bxc5 Bb3 21. Bd4 e5 22. Bc3 f5 23. Nd3 Qe7 24. Ra1 fxe4 25. fxe4 Qh4 26. Bxe5 Bxe5 27. Nxe5 Qxe4 28. Nc6 Re8 29. Bf3 Qc4 30. Rac1 Qb5 31. Rce1 Qc5+ 32. Qd4 Qxd4+ 33. Nxd4 Rxe1 34. Rxe1 Bxd5 35. Bxd5+ Nxd5 36. Re5 Nb6 37. b4 Kf7 38. Kf2 Nfd7 39. Re6 Nd5 40. b5 Nc5 41. Rc6 Nd3+ 42. Ke2 N3b4 43. Rc5 Ke7 44. Nc6+ Kd6 45. Nxb4 Nxb4 46. Rc1 Nd5 47. Rd1 Kc5 48. Rxd5+ Kxd5 49. Ke3 Kc5 50. Kf4 Kxb5 51. Kg5 Kc6 52. Kh6 Kd6 53. Kxh7 g5 54. Kg6 g4 55. g3 1-0

[Event "Nuremberg LGA Cup 2nd"]
[Site "Nuremberg"]
[Date "2005.09.08"]
[Round "1.21"]
[White "Laibold, Lorenz"]
[Black "Koch, Moritz"]
[Result "0-1"]
[WhiteElo "1739"]
[BlackElo "2228"]
[PlyCount "70"]
[EventDate "2005.09.08"]
[EventType "swiss"]
[EventRounds "7"]
[EventCountry "GER"]
[SourceTitle "EXT 2022"]
[Source "ChessBase"]
[SourceDate "2021.10.06"]
[SourceVersion "1"]
[SourceVersionDate "2021.10.06"]
[SourceQuality "1"]

1. e4 c5 2. Nf3 Nc6 3. Nc3 d6 4. Bc4 e6 5. d4 cxd4 6. Nxd4 Nf6 7. 0-0 Be7 8. Be3 0-0 9. f3 a6 10. a4 Qc7 11. Nb3 b6 12. Qe1 Nb4 13. Bd3 d5 14. Qf2 Rb8 15. Rac1 e5 16. Nxd5 Nfxd5 17. exd5 Nxd5 18. Kh1 Nb4 19. f4 Bf6 20. Be4 Bd7 21. a5 bxa5 22. Bc5 Rfe8 23. Rcd1 Bg4 24. Rd2 Rbc8 25. Bd6 Qc4 26. fxe5 Bh4 27. Bd5 Nxd5 28. Qxf7+ Kh8 29. Nxa5 Qb5 30. Bf8 Qxf1+ 31. Qxf1 Rxf8 32. Qxa6 Nc7 33. Qc4 Ne6 34. Qb5 Rc5 35. Qa6 Rxa5 0-1

[Event "Mittelfranken-ch QT 52nd"]
[Site "Uttenreuth"]
[Date "2003.04.18"]
[Round "6"]
[White "Weissmann, Peter"]
[Black "Laibold, Lorenz"]
[Result "1/2-1/2"]
[WhiteElo "1790"]
[BlackElo "1565"]
[PlyCount "55"]
[EventDate "2003.04.16"]
[EventType "swiss"]
[EventRounds "7"]
[EventCountry "GER"]
[SourceTitle "EXT 2015"]
[Source "ChessBase"]
[SourceDate "2014.11.20"]
[SourceVersion "1"]
[SourceVersionDate "2014.11.20"]
[SourceQuality "1"]

1. e4 e6 2. d4 d5 3. Nc3 dxe4 4. Nxe4 Nf6 5. Nxf6+ Qxf6 6. Nf3 h6 7. b3 Bb4+ 8. Bd2 Bxd2+ 9. Qxd2 0-0 10. Bd3 Nd7 11. 0-0 c5 12. Qe3 cxd4 13. Qe4 g6 14. Qxd4 Qxd4 15. Nxd4 Nc5 16. Be2 e5 17. Nf3 Re8 18. Rad1 Re6 19. Bb5 Re7 20. Nxe5 Bf5 21. Rd5 Ne4 22. Nd3 Nc3 23. Rc5 Nxb5 24. Rxb5 Bxd3 25. cxd3 Rd8 26. Rd1 Rxd3 27. Rf1 Rd2 28. a4 1/2-1/2

[Event "Mittelfranken-ch"]
[Site "Germany"]
[Date "2003.??.??"]
[Round "5"]
[White "Laibold, Lorenz"]
[Black "Erler, Mark"]
[Result "0-1"]
[WhiteElo "1593"]
[BlackElo "1676"]
[PlyCount "102"]
[EventDate "2003.??.??"]
[EventType "swiss"]
[EventRounds "6"]
[EventCountry "GER"]
[SourceTitle "EXT 2004"]
[Source "ChessBase"]
[SourceDate "2003.11.25"]
[SourceVersion "1"]
[SourceVersionDate "2003.11.25"]
[SourceQuality "1"]

1. e4 d6 2. d4 Nf6 3. Nc3 c6 4. Be2 Qa5 5. Bd2 e5 6. Nf3 Bg4 7. d5 Be7 8. 0-0 0-0 9. Ne1 Bxe2 10. Qxe2 Nbd7 11. f3 Qb6+ 12. Kh1 cxd5 13. exd5 Rab8 14. Nd3 a6 15. b3 Qc7 16. Nf2 Rbc8 17. a4 Qa5 18. Qd3 Qc5 19. Nfe4 Nxe4 20. fxe4 Bd8 21. Qg3 Kh8 22. Rf3 Ba5 23. Rc1 Bxc3 24. Rxc3 Qd4 25. Rxc8 Rxc8 26. Qe3 Qxe3 27. Bxe3 Nf6 28. c4 Nxe4 29. b4 f5 30. c5 f4 31. Bg1 Kg8 32. c6 b5 33. axb5 axb5 34. c7 Kf7 35. Rc6 Ke7 36. Ba7 Kd7 37. Bb8 Nf6 38. Rb6 Nxd5 39. Rxb5 Nxc7 40. Rb6 Ne8 41. Kg1 Rc6 42. Rb5 Ke6 43. Kf2 Nc7 44. Rb7 Kd7 45. Ba7 h6 46. b5 Rc2+ 47. Kf3 Ke6 48. Ke4 Nxb5 49. Rxb5 Rxg2 50. h4 Rh2 51. Bb8 Rh3 0-1

[Event "Mittelfranken-ch"]
[Site "Germany"]
[Date "2003.??.??"]
[Round "2"]
[White "Laibold, Lorenz"]
[Black "Lingl"]
[Result "1-0"]
[WhiteElo "1593"]
[BlackElo "1375"]
[PlyCount "71"]
[EventDate "2003.??.??"]
[EventType "swiss"]
[EventRounds "6"]
[EventCountry "GER"]
[SourceTitle "EXT 2004"]
[Source "ChessBase"]
[SourceDate "2003.11.25"]
[SourceVersion "1"]
[SourceVersionDate "2003.11.25"]
[SourceQuality "1"]

1. e4 e5 2. Nf3 Nc6 3. Bc4 Nd4 4. d3 h6 5. Nxe5 Ne6 6. f4 d6 7. Nxf7 Kxf7 8. f5 Nf6 9. fxe6+ Bxe6 10. Bxe6+ Kxe6 11. Qf3 d5 12. Qf5+ Kf7 13. e5 Qe8 14. 0-0 Bc5+ 15. Kh1 Qe6 16. Qxe6+ Kxe6 17. exf6 Rhf8 18. Nc3 Rxf6 19. Rxf6+ Kxf6 20. Nxd5+ Kg6 21. Be3 Bd6 22. Rf1 Re8 23. Bf4 Rf8 24. g3 c6 25. Ne3 Bc5 26. Kg2 Re8 27. Rf3 Kh7 28. Kf1 Rf8 29. Ke2 g5 30. Be5 Re8 31. d4 Kg6 32. Rf6+ Kh7 33. Rf7+ Kg6 34. Rg7+ Kh5 35. h3 Re6 36. Ng2 1-0

[Event "Mittelfranken-ch"]
[Site "Germany"]
[Date "2003.??.??"]
[Round "1"]
[White "Pokorny, H."]
[Black "Laibold, Lorenz"]
[Result "1-0"]
[WhiteElo "1772"]
[BlackElo "1593"]
[PlyCount "81"]
[EventDate "2003.??.??"]
[EventType "swiss"]
[EventRounds "6"]
[EventCountry "GER"]
[SourceTitle "EXT 2004"]
[Source "ChessBase"]
[SourceDate "2003.11.25"]
[SourceVersion "1"]
[SourceVersionDate "2003.11.25"]
[SourceQuality "1"]

1. d4 Nf6 2. c4 e6 3. Nc3 d5 4. Bg5 Nbd7 5. cxd5 exd5 6. e3 c6 7. Bd3 Bd6 8. Nf3 0-0 9. Qc2 Qc7 10. Rb1 Re8 11. b4 a6 12. a4 b6 13. 0-0 h6 14. Bh4 Bb7 15. Rfc1 Rac8 16. Bf5 Rb8 17. Qe2 Bc8 18. b5 c5 19. Bxd7 Qxd7 20. Bxf6 gxf6 21. Nxd5 Bxh2+ 22. Nxh2 Qxd5 23. dxc5 bxc5 24. bxa6 Rxb1 25. Rxb1 Qe4 26. Rb8 Qxa4 27. a7 Qxa7 28. Rxc8 Qa1+ 29. Nf1 Rxc8 30. Qg4+ Kh7 31. Qxc8 Qe5 32. Ng3 Kg7 33. Qf5 Qxf5 34. Nxf5+ Kg6 35. Nd6 f5 36. Kf1 Kf6 37. e4 f4 38. f3 Ke6 39. Nf5 c4 40. Ke2 f6 41. Kd2 1-0

[Event "Nuremberg-ch op 01st"]
[Site "Nuremberg"]
[Date "2001.06.03"]
[Round "4"]
[White "Thoma, Dirk"]
[Black "Laibold, Lorenz"]
[Result "0-1"]
[WhiteElo "1357"]
[BlackElo "1534"]
[PlyCount "56"]
[EventDate "2001.06.01"]
[EventType "swiss"]
[EventRounds "5"]
[EventCountry "GER"]
[SourceTitle "EXT 2003"]
[Source "ChessBase"]
[SourceDate "2002.11.25"]
[SourceVersion "1"]
[SourceVersionDate "2002.11.25"]
[SourceQuality "1"]

1. Nf3 d5 2. d4 Nf6 3. Bg5 e6 4. e3 a6 5. Bd3 c5 6. c4 h6 7. Bh4 cxd4 8. exd4 Be7 9. Nc3 Nc6 10. 0-0 0-0 11. a3 dxc4 12. Bxc4 b5 13. Ba2 Bb7 14. Qd3 Nd5 15. Bb1 f5 16. Bxe7 Ncxe7 17. Nxd5 Nxd5 18. g3 Nf6 19. Ne5 Qd5 20. f3 Rfd8 21. Ba2 Qd6 22. Qe3 Bd5 23. b3 Qxa3 24. Rfd1 Rac8 25. Ng6 Kh7 26. Ne5 Qb2 27. Nd3 Ng4 28. Qe1 Qxh2+ 0-1